<?xml version="1.0" encoding="UTF-8"?>
<record
    xmlns:xsi="http://www.w3.org/2001/XMLSchema-instance"
    xsi:schemaLocation="http://www.loc.gov/MARC21/slim http://www.loc.gov/standards/marcxml/schema/MARC21slim.xsd"
    xmlns="http://www.loc.gov/MARC21/slim">

  <leader>00986nam a22002657a 4500</leader>
  <controlfield tag="003">330010</controlfield>
  <controlfield tag="005">20260216090441.0</controlfield>
  <controlfield tag="008">231115b        sa ||||| |||| 00| 0 eng d</controlfield>
  <datafield tag="020" ind1=" " ind2=" ">
    <subfield code="a">9781845284046</subfield>
    <subfield code="q">pbk</subfield>
  </datafield>
  <datafield tag="040" ind1=" " ind2=" ">
    <subfield code="a">RDA</subfield>
    <subfield code="c">3228</subfield>
  </datafield>
  <datafield tag="041" ind1=" " ind2=" ">
    <subfield code="2">E</subfield>
  </datafield>
  <datafield tag="082" ind1=" " ind2=" ">
    <subfield code="a">658.872 COST</subfield>
  </datafield>
  <datafield tag="100" ind1=" " ind2=" ">
    <subfield code="a">Costa, Adam; Connell, Darcie</subfield>
  </datafield>
  <datafield tag="245" ind1=" " ind2=" ">
    <subfield code="a">Business in a backpack: a step-by-step guide to building a business while traveling the world</subfield>
    <subfield code="c">written by Adam Costa and Darcie Connell</subfield>
  </datafield>
  <datafield tag="260" ind1=" " ind2=" ">
    <subfield code="a">United Kingdom</subfield>
    <subfield code="b">How To Books Ltd</subfield>
    <subfield code="c">c2010</subfield>
  </datafield>
  <datafield tag="300" ind1=" " ind2=" ">
    <subfield code="a">xi, 160 pages</subfield>
    <subfield code="b">color illustrations</subfield>
    <subfield code="c">22 cm.</subfield>
  </datafield>
  <datafield tag="500" ind1=" " ind2=" ">
    <subfield code="a">The book is divided into four parts that is inspiration, education, perspiration and embarkations</subfield>
  </datafield>
  <datafield tag="504" ind1=" " ind2=" ">
    <subfield code="a">include table of contents, glossary and recommendations</subfield>
  </datafield>
  <datafield tag="650" ind1=" " ind2="0">
    <subfield code="9">184472</subfield>
    <subfield code="a">Business education</subfield>
    <subfield code="z">United States</subfield>
  </datafield>
  <datafield tag="700" ind1=" " ind2=" ">
    <subfield code="9">184602</subfield>
    <subfield code="a">Costa, Adam; Connell, Darcie</subfield>
  </datafield>
  <datafield tag="942" ind1=" " ind2=" ">
    <subfield code="y">416</subfield>
    <subfield code="z">Yoliswa Sabana</subfield>
  </datafield>
  <datafield tag="942" ind1=" " ind2=" ">
    <subfield code="2">ddc</subfield>
    <subfield code="c">BOOK</subfield>
  </datafield>
  <datafield tag="942" ind1=" " ind2=" ">
    <subfield code="2">ddc</subfield>
  </datafield>
  <datafield tag="942" ind1=" " ind2=" ">
    <subfield code="2">ddc</subfield>
    <subfield code="c">BOOK</subfield>
  </datafield>
  <datafield tag="999" ind1=" " ind2=" ">
    <subfield code="c">760522</subfield>
    <subfield code="d">760521</subfield>
  </datafield>
  <datafield tag="952" ind1=" " ind2=" ">
    <subfield code="0">0</subfield>
    <subfield code="1">0</subfield>
    <subfield code="4">0</subfield>
    <subfield code="7">0</subfield>
    <subfield code="a">MATPL</subfield>
    <subfield code="b">MATPL</subfield>
    <subfield code="d">2023-05-23</subfield>
    <subfield code="l">1</subfield>
    <subfield code="p">33228031151832</subfield>
    <subfield code="r">2023-05-23</subfield>
    <subfield code="s">2023-05-23</subfield>
    <subfield code="w">2023-05-23</subfield>
  </datafield>
  <datafield tag="952" ind1=" " ind2=" ">
    <subfield code="0">0</subfield>
    <subfield code="1">0</subfield>
    <subfield code="2">ddc</subfield>
    <subfield code="4">0</subfield>
    <subfield code="7">0</subfield>
    <subfield code="8">600</subfield>
    <subfield code="a">MBOMRL</subfield>
    <subfield code="b">MATSL</subfield>
    <subfield code="c">Non_Fiction</subfield>
    <subfield code="d">2023-11-15</subfield>
    <subfield code="g">241.00</subfield>
    <subfield code="l">0</subfield>
    <subfield code="o">658.872 COST</subfield>
    <subfield code="p">3322803177610</subfield>
    <subfield code="r">2023-11-15</subfield>
    <subfield code="w">2023-11-15</subfield>
    <subfield code="y">BOOK</subfield>
  </datafield>
  <datafield tag="952" ind1=" " ind2=" ">
    <subfield code="0">0</subfield>
    <subfield code="1">0</subfield>
    <subfield code="2">ddc</subfield>
    <subfield code="4">0</subfield>
    <subfield code="7">0</subfield>
    <subfield code="8">600</subfield>
    <subfield code="a">KAMHL</subfield>
    <subfield code="b">KAMHL</subfield>
    <subfield code="c">Non_Fiction</subfield>
    <subfield code="d">2024-08-23</subfield>
    <subfield code="l">0</subfield>
    <subfield code="o">658.872 COST</subfield>
    <subfield code="p">3322803179346</subfield>
    <subfield code="r">2024-08-23</subfield>
    <subfield code="w">2024-08-23</subfield>
    <subfield code="y">BOOK</subfield>
  </datafield>
  <datafield tag="952" ind1=" " ind2=" ">
    <subfield code="0">0</subfield>
    <subfield code="1">0</subfield>
    <subfield code="2">ddc</subfield>
    <subfield code="4">0</subfield>
    <subfield code="7">0</subfield>
    <subfield code="a">THULL</subfield>
    <subfield code="b">THULL</subfield>
    <subfield code="d">2025-08-27</subfield>
    <subfield code="l">0</subfield>
    <subfield code="o">658.872 COST</subfield>
    <subfield code="p">3300610005234</subfield>
    <subfield code="r">2025-08-27</subfield>
    <subfield code="w">2025-08-27</subfield>
    <subfield code="y">BOOK</subfield>
  </datafield>
  <datafield tag="952" ind1=" " ind2=" ">
    <subfield code="0">0</subfield>
    <subfield code="1">0</subfield>
    <subfield code="2">ddc</subfield>
    <subfield code="4">0</subfield>
    <subfield code="7">0</subfield>
    <subfield code="8">600</subfield>
    <subfield code="a">MBOML</subfield>
    <subfield code="b">MBOML</subfield>
    <subfield code="c">Non_Fiction</subfield>
    <subfield code="d">2026-02-16</subfield>
    <subfield code="o">658.872 COST</subfield>
    <subfield code="p">33228031079486</subfield>
    <subfield code="r">2026-02-16</subfield>
    <subfield code="t">1</subfield>
    <subfield code="v">380.00</subfield>
    <subfield code="w">2026-02-16</subfield>
    <subfield code="y">BOOK</subfield>
  </datafield>
</record>
